Every Valorant Agent - Statistiken

Allgemein
  • Dieses Quiz wurde 52 mal gespielt
  • Das Durchschnittsergebnis liegt bei 24 aus 29
Antwortstatistiken
Antwort % Korrekt
KAY/O
100%
Jett
98%
Brimstone
96%
Reyna
96%
Omen
93%
Sage
91%
Cypher
89%
Harbor
89%
Phoenix
89%
Skye
89%
Breach
87%
Chamber
87%
Fade
87%
Astra
84%
Yoru
84%
Clove
82%
Iso
82%
Neon
82%
Viper
82%
Killjoy
80%
Raze
80%
Sova
80%
Tejo
80%
Vyse
80%
Deadlock
76%
Miks
76%
Waylay
73%
Gekko
67%
Veto
67%
Keine übereinstimmenden Quizze gefunden
Verteilung der Resultate
Anzahl Personen mit jedem Resultat
Perzentil nach korrekt beantworteten Fragen
Ihre Resultats-Entwicklung
Sie haben dieses Quiz noch nicht gespielt